[Event "Campeonato del Mundo por Equipos 2005"]
[Site "Beer Sheva ISR"]
[Date "2005.11.09"]
[Round "8.3"]
[White "Zhang, Zhong"]
[Black "Lputian, Smbat G"]
[Result "1/2-1/2"]
[WhiteElo "2598"]
[BlackElo "2614"]
[PlyCount "81"]
[EventDate "2005.11.01"]
[EventType "team"]
[EventRounds "8"]
[EventCountry "ISR"]
[Source "lmi"]
[SourceDate "2005.11.11"]
[WhiteTeam "CHM"]
[BlackTeam "Armenia"]
[BlackTeamCountry "ARM"]

1. e4 e6 2. d4 d5 3. Nc3 Bb4 4. e5 c5 5. a3 Bxc3+ 6. bxc3 Ne7 7. a4 Nbc6 8. Nf3
Qa5 9. Bd2 Bd7 10. Bb5 Qc7 11. O-O O-O 12. Re1 b6 13. dxc5 bxc5 14. Be3 c4 15.
Bc5 Rfe8 16. Bd6 Qd8 17. Bxc6 Nxc6 18. Nd4 a6 19. Re3 Ra7 20. Qg4 f5 21. exf6
Qxf6 22. Rf3 Ne5 23. Bxe5 Qxe5 24. Re3 Qf6 25. Qg3 e5 26. Rae1 Bxa4 27. Rxe5
Rxe5 28. Rxe5 Re7 29. f4 Rxe5 30. fxe5 Qg6 31. Qh4 h6 32. e6 Bxc2 33. Qd8+ Kh7
34. e7 Ba4 35. Qxd5 Qb1+ 36. Kf2 Qb2+ 37. Ne2 Qb6+ 38. Ke1 Qb1+ 39. Kf2 Qb6+
40. Ke1 Qb1+ 41. Kf2 1/2-1/2

[Event "Campeonato del Mundo por Equipos 2005"]
[Site "Beer Sheva ISR"]
[Date "2005.11.09"]
[Round "8.4"]
[White "Grischuk, Alexander"]
[Black "Zhao, Xue"]
[Result "1-0"]
[WhiteElo "2720"]
[BlackElo "2478"]
[PlyCount "99"]
[EventDate "2005.11.01"]
[EventType "team"]
[EventRounds "8"]
[EventCountry "ISR"]
[Source "lmi"]
[SourceDate "2005.11.11"]
[WhiteTeam "Russia"]
[BlackTeam "CHW"]
[WhiteTeamCountry "RUS"]

1. e4 e5 2. Nf3 Nc6 3. Bb5 a6 4. Ba4 Nf6 5. d3 b5 6. Bb3 Be7 7. a4 b4 8. O-O
O-O 9. Re1 d6 10. a5 Be6 11. Nbd2 Qc8 12. Nc4 h6 13. c3 bxc3 14. bxc3 Rb8 15.
Ba3 Rd8 16. Qc2 Bf8 17. Nfd2 Na7 18. d4 exd4 19. cxd4 d5 20. exd5 Rxd5 21. Bxf8
Qxf8 22. Ne5 Rxd4 23. Bxe6 fxe6 24. Ndf3 Rd5 25. Qxc7 Nb5 26. Qc6 Rd6 27. Qc2
Rc8 28. Qg6 Nc3 29. g3 Nfd5 30. Kg2 Qf5 31. Nh4 Qf6 32. Ra3 Ne7 33. Qg4 Nf5 34.
Nhf3 Nb5 35. Ra4 Rd5 36. Rc4 Rxc4 37. Qxc4 Kh7 38. Qc8 Rd6 39. Nc4 Ne7 40. Qa8
Rd3 41. Nfe5 Rd5 42. Qxa6 Nd4 43. Qb7 Nec6 44. Qb1+ Kg8 45. a6 Qf8 46. Qe4 Nxe5
47. Nxe5 Qa3 48. Nc6 Qd6 49. Nxd4 Rxd4 50. a7 1-0

[Event "Campeonato del Mundo por Equipos 2005"]
[Site "Beer Sheva ISR"]
[Date "2005.11.09"]
[Round "8.4"]
[White "Bareev, Evgeny"]
[Black "Gong, Qianyun"]
[Result "1-0"]
[WhiteElo "2675"]
[BlackElo "2374"]
[PlyCount "127"]
[EventDate "2005.11.01"]
[EventType "team"]
[EventRounds "8"]
[EventCountry "ISR"]
[Source "lmi"]
[SourceDate "2005.11.11"]
[WhiteTeam "Russia"]
[BlackTeam "CHW"]
[WhiteTeamCountry "RUS"]

1. d4 d5 2. c4 c6 3. Nc3 Nf6 4. e3 a6 5. Qc2 e6 6. Bd2 c5 7. dxc5 Bxc5 8. cxd5
exd5 9. Rc1 Be6 10. Nxd5 Qxd5 11. Qxc5 Qxd2+ 12. Kxd2 Ne4+ 13. Kd1 Nxc5 14.
Rxc5 Nd7 15. Ra5 Rd8 16. Kc1 Rc8+ 17. Kb1 Nc5 18. f3 O-O 19. Ne2 Rfd8 20. Nc3
b6 21. Rxa6 Nxa6 22. Bxa6 Ra8 23. Be2 Rac8 24. Re1 Bc4 25. Bxc4 Rxc4 26. Kc2 f5
27. Re2 Rc6 28. h3 Re8 29. Kb3 Kf7 30. Kb4 Re5 31. a4 g6 32. h4 Rec5 33. e4
Rc4+ 34. Kb5 R4c5+ 35. Kb4 Rc4+ 36. Kb3 fxe4 37. Nxe4 Kg7 38. Rd2 Rc1 39. Rd7+
Kg8 40. Rd8+ Kg7 41. Rd7+ Kg8 42. Kb4 Rb1 43. b3 h6 44. g3 Re6 45. Rd3 Kf7 46.
Nd6+ Kf6 47. Kb5 Rbe1 48. Nc4 Rg1 49. Nxb6 Rxg3 50. a5 g5 51. Nd5+ Kf5 52. h5
Rg1 53. a6 Ra1 54. Nc7 Re5+ 55. Kb6 Re7 56. Rc3 Ra3 57. Rc5+ Re5 58. Rxe5+ Kxe5
59. a7 Kf4 60. b4 Rxa7 61. Kxa7 Kxf3 62. Ne6 g4 63. Nd4+ Kf2 64. Nf5 1-0

[Event "Campeonato del Mundo por Equipos 2005"]
[Site "Beer Sheva ISR"]
[Date "2005.11.10"]
[Round "9.1"]
[White "Roiz, Michael"]
[Black "Kaidanov, Gregory S"]
[Result "1/2-1/2"]
[WhiteElo "2600"]
[BlackElo "2608"]
[PlyCount "37"]
[EventDate "2005.11.01"]
[EventType "team"]
[EventRounds "8"]
[EventCountry "ISR"]
[Source "lmi"]
[SourceDate "2005.11.11"]
[WhiteTeam "Israel"]
[BlackTeam "United States"]
[WhiteTeamCountry "ISR"]
[BlackTeamCountry "USA"]

1. d4 d5 2. Nf3 Nf6 3. c4 e6 4. Nc3 c6 5. Bg5 Nbd7 6. e3 Qa5 7. cxd5 Nxd5 8.
Qd2 Bb4 9. Rc1 b6 10. a3 Bxc3 11. bxc3 c5 12. c4 Qxd2+ 13. Nxd2 N5f6 14. Be2
Bb7 15. O-O O-O 16. Rfd1 Rac8 17. f3 Rfe8 18. Kf1 Ba6 19. Nb3 1/2-1/2

[Event "Campeonato del Mundo por Equipos 2005"]
[Site "Beer Sheva ISR"]
[Date "2005.11.10"]
[Round "9.1"]
[White "Ibragimov, Ildar"]
[Black "Erenburg, Sergey"]
[Result "1-0"]
[WhiteElo "2617"]
[BlackElo "2582"]
[PlyCount "79"]
[EventDate "2005.11.01"]
[EventType "team"]
[EventRounds "8"]
[EventCountry "ISR"]
[Source "lmi"]
[SourceDate "2005.11.11"]
[WhiteTeam "United States"]
[BlackTeam "Israel"]
[WhiteTeamCountry "USA"]
[BlackTeamCountry "ISR"]

1. e4 c6 2. d4 d5 3. e5 Bf5 4. Be3 e6 5. Nd2 Nd7 6. Be2 f6 7. exf6 Ngxf6 8. g4
Bg6 9. h4 h6 10. Nh3 Bd6 11. Nf4 Bf7 12. Bd3 Qa5 13. Ng6 Rg8 14. c3 O-O-O 15.
g5 hxg5 16. hxg5 Ne4 17. Bxe4 dxe4 18. Nxe4 Qd5 19. Nxd6+ Qxd6 20. Bf4 e5 21.
Nxe5 Bd5 22. Rg1 Rgf8 23. Qd2 Nxe5 24. Bxe5 Qg6 25. f4 Rh8 26. O-O-O Rh3 27. c4
Be4 28. Qa5 Qf7 29. b3 a6 30. Rge1 Bg6 31. Rd2 Rd7 32. Kb2 Qf5 33. d5 Rd3 34.
Rh2 Rh3 35. Rxh3 Qxh3 36. Qc5 Qg3 37. Qa7 Re7 38. Qb8+ Kd7 39. dxc6+ Ke6 40.
Bc3+ 1-0

[Event "Campeonato del Mundo por Equipos 2005"]
[Site "Beer Sheva ISR"]
[Date "2005.11.10"]
[Round "9.2"]
[White "Dominguez, Lenier"]
[Black "Aronian, Levon"]
[Result "1/2-1/2"]
[WhiteElo "2635"]
[BlackElo "2724"]
[PlyCount "33"]
[EventDate "2005.11.01"]
[EventType "team"]
[EventRounds "8"]
[EventCountry "ISR"]
[Source "lmi"]
[SourceDate "2005.11.11"]
[WhiteTeam "Cuba"]
[BlackTeam "Armenia"]
[WhiteTeamCountry "CUB"]
[BlackTeamCountry "ARM"]

1. e4 e5 2. Nf3 Nc6 3. Bb5 a6 4. Ba4 Nf6 5. O-O Be7 6. Re1 b5 7. Bb3 O-O 8. d4
Nxd4 9. Nxd4 exd4 10. e5 Ne8 11. c3 d3 12. Qxd3 Bb7 13. Nd2 d6 14. e6 fxe6 15.
Rxe6 Kh8 16. Bc2 g6 17. Nb3 1/2-1/2

[Event "Campeonato del Mundo por Equipos 2005"]
[Site "Beer Sheva ISR"]
[Date "2005.11.10"]
[Round "9.2"]
[White "Akopian, Vladimir"]
[Black "Nogueiras, Jesus"]
[Result "1/2-1/2"]
[WhiteElo "2707"]
[BlackElo "2547"]
[PlyCount "28"]
[EventDate "2005.11.01"]
[EventType "team"]
[EventRounds "8"]
[EventCountry "ISR"]
[Source "lmi"]
[SourceDate "2005.11.11"]
[WhiteTeam "Armenia"]
[BlackTeam "Cuba"]
[WhiteTeamCountry "ARM"]
[BlackTeamCountry "CUB"]

1. e4 e6 2. d4 d5 3. Nd2 dxe4 4. Nxe4 Nd7 5. Nf3 Ngf6 6. Nxf6+ Nxf6 7. Bg5 h6
8. Bxf6 Qxf6 9. Bb5+ c6 10. Bd3 g6 11. Qe2 Bg7 12. O-O-O O-O 13. h4 Rd8 14. Kb1
Bd7 1/2-1/2

[Event "Campeonato del Mundo por Equipos 2005"]
[Site "Beer Sheva ISR"]
[Date "2005.11.10"]
[Round "9.2"]
[White "Lputian, Smbat G"]
[Black "Quezada, Yuniesky"]
[Result "1/2-1/2"]
[WhiteElo "2614"]
[BlackElo "2505"]
[PlyCount "29"]
[EventDate "2005.11.01"]
[EventType "team"]
[EventRounds "8"]
[EventCountry "ISR"]
[Source "lmi"]
[SourceDate "2005.11.11"]
[WhiteTeam "Armenia"]
[BlackTeam "Cuba"]
[WhiteTeamCountry "ARM"]
[BlackTeamCountry "CUB"]

1. d4 Nf6 2. Nf3 e6 3. c4 b6 4. a3 Bb7 5. Nc3 d5 6. cxd5 Nxd5 7. Bd2 Nd7 8.
Nxd5 exd5 9. b4 Bd6 10. Bg5 Be7 11. Bxe7 Qxe7 12. e3 O-O 13. Bd3 c6 14. O-O g6
15. Qb3 1/2-1/2

[Event "Campeonato del Mundo por Equipos 2005"]
[Site "Beer Sheva ISR"]
[Date "2005.11.10"]
[Round "9.3"]
[White "Bu, Xiangzhi"]
[Black "Svidler, Peter"]
[Result "1/2-1/2"]
[WhiteElo "2637"]
[BlackElo "2740"]
[PlyCount "41"]
[EventDate "2005.11.01"]
[EventType "team"]
[EventRounds "8"]
[EventCountry "ISR"]
[Source "lmi"]
[SourceDate "2005.11.11"]
[WhiteTeam "CHM"]
[BlackTeam "Russia"]
[BlackTeamCountry "RUS"]

1. Nf3 d6 2. d4 Bg4 3. c4 Bxf3 4. exf3 c6 5. Nc3 g6 6. Be2 Bg7 7. O-O Nd7 8.
Re1 Ngf6 9. d5 O-O 10. Be3 Qa5 11. f4 Rac8 12. Bd4 Rfe8 13. a3 a6 14. g3 Qc7
15. Bf1 Nb6 16. Rc1 cxd5 17. cxd5 Qd8 18. Bh3 Rc4 19. Bf1 Rc8 20. Bh3 Rc4 21.
Bf1 1/2-1/2

[Event "Campeonato del Mundo por Equipos 2005"]
[Site "Beer Sheva ISR"]
[Date "2005.11.10"]
[Round "9.3"]
[White "Grischuk, Alexander"]
[Black "Zhang, Pengxiang"]
[Result "1-0"]
[WhiteElo "2720"]
[BlackElo "2613"]
[PlyCount "85"]
[EventDate "2005.11.01"]
[EventType "team"]
[EventRounds "8"]
[EventCountry "ISR"]
[Source "lmi"]
[SourceDate "2005.11.11"]
[WhiteTeam "Russia"]
[BlackTeam "CHM"]
[WhiteTeamCountry "RUS"]

1. e4 c5 2. Nf3 Nc6 3. Bb5 e6 4. Bxc6 bxc6 5. d3 Qc7 6. O-O d6 7. c3 Nf6 8. Re1
e5 9. d4 cxd4 10. cxd4 Bg4 11. Nbd2 Be7 12. h3 Bh5 13. Qc2 O-O 14. b3 Rac8 15.
Bb2 Nd7 16. Rac1 Rfe8 17. Re3 f6 18. Rc3 c5 19. dxc5 dxc5 20. b4 Bf7 21. Ba3
Nb8 22. bxc5 Nc6 23. Rd3 Na5 24. Qa4 Red8 25. Rxd8+ Rxd8 26. Nb3 Nc6 27. Qa6 h6
28. Nfd2 Nd4 29. Nxd4 exd4 30. Bb4 Rc8 31. a3 Bf8 32. c6 Rb8 33. Ba5 Qc8 34. c7
Qxa6 35. cxb8=Q Qxa5 36. Rc8 Qxa3 37. Nf3 d3 38. Rd8 a5 39. Kh2 Qc5 40. e5 a4
41. Qd6 Qxd6 42. exd6 d2 43. Nxd2 1-0

[Event "Campeonato del Mundo por Equipos 2005"]
[Site "Beer Sheva ISR"]
[Date "2005.11.10"]
[Round "9.3"]
[White "Bareev, Evgeny"]
[Black "Zhang, Zhong"]
[Result "1-0"]
[WhiteElo "2675"]
[BlackElo "2598"]
[PlyCount "87"]
[EventDate "2005.11.01"]
[EventType "team"]
[EventRounds "8"]
[EventCountry "ISR"]
[Source "lmi"]
[SourceDate "2005.11.11"]
[WhiteTeam "Russia"]
[BlackTeam "CHM"]
[WhiteTeamCountry "RUS"]

1. d4 Nf6 2. c4 e6 3. Nc3 Bb4 4. Qc2 d5 5. a3 Bxc3+ 6. Qxc3 Ne4 7. Qc2 c5 8.
dxc5 Nc6 9. cxd5 exd5 10. Nf3 Bf5 11. b4 O-O 12. Bb2 Re8 13. Qb3 Na5 14. Qd1
Nc4 15. Qd4 Nf6 16. e3 Re4 17. Qc3 b6 18. Nd4 Bg6 19. Bxc4 dxc4 20. O-O bxc5
21. bxc5 Qd5 22. Rfc1 Rg4 23. f3 Rh4 24. g3 Rxd4 25. Qxd4 Qxf3 26. Rf1 Qe4 27.
Rf4 Qe6 28. Qe5 Qc6 29. Rxc4 Rd8 30. Rd4 Re8 31. Qd6 Qb5 32. Rb4 Qe2 33. Qf4
Nh5 34. Qf2 Qa6 35. Qf3 Qc8 36. c6 a5 37. Rh4 Nf6 38. Bxf6 gxf6 39. Rc1 Qc7 40.
Qxf6 Re6 41. Qf4 Qc8 42. c7 Re8 43. Qg4 Re6 44. Qxe6 1-0

[Event "Campeonato del Mundo por Equipos 2005"]
[Site "Beer Sheva ISR"]
[Date "2005.11.10"]
[Round "9.4"]
[White "Ponomariov, Ruslan"]
[Black "Jobava, Baadur"]
[Result "1/2-1/2"]
[WhiteElo "2704"]
[BlackElo "2601"]
[PlyCount "33"]
[EventDate "2005.11.01"]
[EventType "team"]
[EventRounds "8"]
[EventCountry "ISR"]
[Source "lmi"]
[SourceDate "2005.11.11"]
[WhiteTeam "Ukraine"]
[BlackTeam "Georgia"]
[WhiteTeamCountry "UKR"]
[BlackTeamCountry "GEO"]

1. Nf3 Nf6 2. c4 e6 3. g3 b6 4. Bg2 Bb7 5. d4 Be7 6. Nc3 Ne4 7. Bd2 f5 8. d5
O-O 9. Qc2 Nxd2 10. Nxd2 e5 11. O-O-O Bb4 12. Nf3 d6 13. h4 Nd7 14. Ng5 Bxc3
15. Qxc3 Qf6 16. e4 g6 17. Qd2 1/2-1/2

[Event "Campeonato del Mundo por Equipos 2005"]
[Site "Beer Sheva ISR"]
[Date "2005.11.10"]
[Round "9.4"]
[White "Pantsulaia, Levan"]
[Black "Volokitin, Andrei"]
[Result "1/2-1/2"]
[WhiteElo "2578"]
[BlackElo "2666"]
[PlyCount "54"]
[EventDate "2005.11.01"]
[EventType "team"]
[EventRounds "8"]
[EventCountry "ISR"]
[Source "lmi"]
[SourceDate "2005.11.11"]
[WhiteTeam "Georgia"]
[BlackTeam "Ukraine"]
[WhiteTeamCountry "GEO"]
[BlackTeamCountry "UKR"]

1. d4 Nf6 2. c4 e6 3. Nf3 b6 4. Bg5 h6 5. Bh4 Be7 6. Nc3 c5 7. e4 cxd4 8. Nxd4
d6 9. Ndb5 a6 10. Bxf6 Bxf6 11. Nxd6+ Ke7 12. Nxc8+ Qxc8 13. Be2 Rd8 14. Qc1
Qc5 15. O-O Nc6 16. Rd1 Rxd1+ 17. Qxd1 Bxc3 18. bxc3 Rd8 19. Qc2 Ne5 20. Rd1
Rxd1+ 21. Qxd1 Nxc4 22. Qa4 Na5 23. Bxa6 Qxc3 24. g3 Kf6 25. Bf1 g5 26. Qe8 Kg7
27. Qd8 Qc5 1/2-1/2

[Event "Campeonato del Mundo por Equipos 2005"]
[Site "Beer Sheva ISR"]
[Date "2005.11.10"]
[Round "9.4"]
[White "Karjakin, Sergey"]
[Black "Mchedlishvili, Mikheil"]
[Result "1-0"]
[WhiteElo "2658"]
[BlackElo "2564"]
[PlyCount "81"]
[EventDate "2005.11.01"]
[EventType "team"]
[EventRounds "8"]
[EventCountry "ISR"]
[Source "lmi"]
[SourceDate "2005.11.11"]
[WhiteTeam "Ukraine"]
[BlackTeam "Georgia"]
[WhiteTeamCountry "UKR"]
[BlackTeamCountry "GEO"]

1. e4 c6 2. d4 d5 3. Nc3 dxe4 4. Nxe4 Bf5 5. Ng3 Bg6 6. h4 h6 7. Nf3 Nd7 8. h5
Bh7 9. Bd3 Bxd3 10. Qxd3 e6 11. Bf4 Qa5+ 12. Bd2 Bb4 13. c3 Be7 14. c4 Qc7 15.
O-O-O Ngf6 16. Kb1 O-O 17. Rhe1 Rfe8 18. Ne5 Bd6 19. f4 Rad8 20. Qf3 c5 21.
Nxd7 Rxd7 22. d5 exd5 23. Rxe8+ Nxe8 24. cxd5 Bf8 25. Bc3 Nd6 26. Be5 Qd8 27.
Bxd6 Bxd6 28. Nf5 Qf6 29. Qe4 Rd8 30. g4 b5 31. Rd2 c4 32. Rg2 Kf8 33. Re2 Kg8
34. g5 hxg5 35. fxg5 Qxg5 36. h6 c3 37. Rg2 Qh5 38. Rxg7+ Kf8 39. Qg4 Qh1+ 40.
Kc2 Qh2+ 41. Qg2 1-0